HARVARD BUSINESS REVIEW ON MARKETING (Record no. 13872)
[ view plain ]
| 000 -LEADER | |
|---|---|
| fixed length control field | 00390nam a2200145Ia 4500 |
| 008 - FIXED-LENGTH DATA ELEMENTS--GENERAL INFORMATION | |
| fixed length control field | 240624s9999 xx 000 0 und d |
| 041 ## - LANGUAGE CODE | |
| Language code of text/sound track or separate title | eng |
| 082 ## - DEWEY DECIMAL CLASSIFICATION NUMBER | |
| Classification number | 658.8 HBS |
| 100 ## - MAIN ENTRY--PERSONAL NAME | |
| Personal name | HARVARD BUSINESS SCHOOL |
| 245 ## - TITLE STATEMENT | |
| Title | HARVARD BUSINESS REVIEW ON MARKETING |
| 250 ## - EDITION STATEMENT | |
| Edition statement | (1st ed.) |
| 260 ## - PUBLICATION, DISTRIBUTION, ETC. | |
| Date of publication, distribution, etc. | 2001 |
| Place of publication, distribution, etc. | USA |
| Name of publisher, distributor, etc. | Harvard Business School Press |
| 300 ## - PHYSICAL DESCRIPTION | |
| Extent | vii, : 182p. ; 20cm. |
| 365 ## - TRADE PRICE | |
| Currency code | RS |
| Price amount | 30 |
| Withdrawn status | Lost status | Damaged status | Not for loan | Home library | Current library | Shelving location | Date acquired | Source of acquisition | Cost, normal purchase price | Total Checkouts | Total Renewals | Total Holds | Full call number | Barcode | Date last seen | Date last checked out | Copy number | Price effective from | Koha item type |
|---|---|---|---|---|---|---|---|---|---|---|---|---|---|---|---|---|---|---|---|
| IMTN | IMTN | Rack 32-B | 09/25/2009 | IBH | 595.00 | 6 | 3 | 910 | 658.8 HBS | 13872 | 10/16/2025 | 10/08/2025 | 1 | 06/24/2024 | Books |